000 00619nam a2200217Ia 4500
005 20250508160436.0
008 008 250505s9999 xx 000 0 eng d
037 _aTextual
040 _aFEDL
_beng
_cFEDL
041 _aeng
_2eng
084 _a026.32, SHE
_qFEDL
100 _aShera Jesse H.
245 0 _aClassified catalog : Basic principles and practices
260 _aChicago
_bAmerican Library Association
_c1956
300 _axi,130p.
365 _aUSD
_b4
650 _aLibrary Science
700 _a Egan Margaret E.
_9768512
942 _cTEXL
_h026.32, SHE
999 _c1364627
_d1364627